智人之上 (Record no. 322270)

000 -LEADER
fixed length control field 00430 a2200157 4500
020 ## - ISBN
ISBN 9787521768527
082 ## - 索书号 Call Number
分类号Classification number 541.43
作者号 Author number 3470-04
100 ## - 作者
作者 (以)尤瓦尔·赫拉利 著
245 ## - 书名 TITLE
书名Title 智人之上
副书名 Remainder of Title 从石器时代到AI时代的信息网络简史
250 ## - 版本 EDITION STATEMENT
版本叙述 Edition statement 初版;平装
260 ## - 出版项PUBLICATION, DISTRIBUTION, ETC. (IMPRINT)
出版社 Name of publisher 中信出版集团
出版日期 Date of publication 2024
出版地 Place of publication 北京
300 ## - 稽核项 PHYSICAL DESCRIPTION
页数 Number of Pages 407页
尺寸 Dimensions 23公分
500 ## - 一般附注 GENERAL NOTE
附注 General note
700 ## - ADDED ENTRY--PERSONAL NAME
第二作者 / 译者 / 绘者 林俊宏 译
942 ## - ADDED ENTRY ELEMENTS (KOHA)
Koha item type Books
Holdings
Source of classification or shelving scheme Not for loan Permanent Location Current Location Shelving location Date acquired Source of acquisition Cost, normal purchase price Full call number Barcode Cost, replacement price Koha item type
    LIBRARY CHUNG HWA HIGH SCHOOL MUAR LIBRARY CHUNG HWA HIGH SCHOOL MUAR 5 社会科学(二楼 F~H) 2025-07-07 79.00 541.43 3470-04 049663 158.00 Books

Powered by Koha